000 00414nam a2200145Ia 4500
008 100122s9999 xx 000 0 und d
082 _b32557
_a823.08
100 _aओक सुनेत्रा
245 _aआय कन्फेस
260 _bपरिमल प्रकाशन
_c1982
300 _a85
630 _aआय कन्फेस
730 _aआय कन्फेस
942 _cBOOK
999 _c416887
_d416884